000 00294nam a22001337a 4500
008 171016b xxu||||| |||| 00| 0 eng d
020 _a9780471212133
041 _aeng
080 _23RD
_a33
100 _a52
101 _aEKO
245 _aECONOMICS OF STRATEGY
_cBESANKO,D
942 _2udc
_cBK
999 _c33988
_d33988